000 00727nam a2200289Ia 4500
005 20260324114526.0
008 008 260324s9999 xx 000 0 eng d
020 _a9781003267966
037 _aEBOOK
040 _aCRL
040 _beng
040 _cCRL
041 _2eng
041 _aeng
084 _qCRL
100 _aCasey J. Bedgood
_91144134
245 4 _aThe 10 Cardinal Sins of Leadership
245 0 _bWhat Thought Leaders Must Never Do to Succeed in High-Risk Environments
260 _bTaylor and Francis
260 _c2022
365 _a
365 _b205
856 _uhttp://www.taylorfrancis.com/books/9781003267966
942 _cEBOOK
999 _c1741352
_d1741352